| 000 | 00443nam a22001817a 4500 | ||
|---|---|---|---|
| 003 | MPLRDC | ||
| 005 | 20220104145201.0 | ||
| 008 | 210129b ||||| |||| 00| 0 eng d | ||
| 082 | _a870.57 ALC c.3 | ||
| 100 | _aLOUISA MAY ALCOTT | ||
| 245 |
_a小妇人 _c但未丽 编译 |
||
| 250 | _a初版 | ||
| 260 |
_a _b大众书局 _c1999 |
||
| 300 | _b平 | ||
| 490 | _a文学物语. 102 | ||
| 650 | _a英文小说 | ||
| 942 |
_cBK _o870.57 ALC c.3 |
||
| 999 |
_c51178 _d51168 |
||